[Event "Aubervilliers op rap 28th"]
[Site "Aubervilliers"]
[Date "2003.01.26"]
[Round "9"]
[White "Kazhgaleyev, Murtas"]
[Black "Bologan, Viktor"]
[Result "0-1"]
[WhiteElo "2604"]
[BlackElo "2630"]
[Annotator "Bologan,V"]
[PlyCount "78"]
[EventDate "2003.01.25"]
[EventType "swiss"]
[EventRounds "10"]
[EventCountry "FRA"]
[SourceTitle "CBM 098"]
[Source "ChessBase"]
[SourceDate "2004.02.03"]
[SourceVersion "1"]
[SourceVersionDate "2004.02.03"]
[SourceQuality "1"]

1. e4 {Murtaz has both e4 and d4 in his repertoir, so I was mainly
concentrating what to answer on d4.} c6 {It was the penultimate round and both
of as were hundred percent at the moment, so draw with Black wouldn't spoil
too much for me - in the last round I would get White. So I decided to choose
against the very active Kazakh player a defensive strategy.} 2. c4 d5 3. cxd5
cxd5 4. exd5 Nf6 5. Nc3 Nxd5 6. Nf3 e6 7. d4 Nc6 8. Bd3 Bb4 9. Bd2 Be7 {
Black managed to place both White's bishops to the d-file, which automaticaly
weakens the d4-pawn. After the short castle the threat will be Ndb4.} 10. a3 {
Also was possible} (10. O-O Ndb4 (10... O-O 11. Qe2 Ndb4 (11... Bf6 12. Qe4 g6
13. Bh6) 12. Be4) 11. Be2 {and after} (11. Be4 Nxd4 12. Bf4 Nxf3+ 13. Qxf3 Qb6
14. Be3 Qa6 15. a3 Nc6 16. b4 Ne5 17. Qg3 Ng6 18. Rfd1 Qc4 19. Bd3 Qxc3 20.
Bb5+ Bd7 21. Bxd7+ Kf8 22. Qf3 Kg8 23. Qxb7 Rd8 24. Qxa7 h5 25. Rac1 Qb2 26.
Qa5 h4 27. h3 Bf6 28. Bc6 Rxd1+ 29. Rxd1 Kh7 30. Be4 Be5 31. Rb1 Qc3 32. Qc5 f5
33. Qxc3 Bxc3 34. Bf3 Ne5 35. Be2 Ra8 36. Rb3 Ba1 37. b5 Nf7 38. b6 Nd6 39. Bf3
Rb8 40. b7 {1-0, Bareev Evgeny (RUS) 2726 - Ljubojevic Ljubomir (YUG) 2548,
Monaco 2002}) 11... O-O {the pawn is poisoned} (11... Nxd4 12. Nxd4 Qxd4 13.
Nb5 Qd7 14. Bxb4 Bxb4 15. Qa4 $18) 12. a3 Nd5 13. Bd3 Bf6 {Black would achieve
the same position as in the game.}) 10... O-O 11. O-O Bf6 12. Be3 {I did think
of playing this line with White and to be honest, I didn't see anything
substancial after giving the bishop on e3. The white pawn center is not so
dangerous and even more later he might become a comfortable target for the
black bishop, it's also difficult to find a good square for penetration for
the knights, and the bishop on d3 will be easily limited by the g6-move.} (12.
Qc2 {is considered as the best.} g6 13. Bh6 Re8 14. Rad1 Nxc3 15. bxc3 Bd7 {
The position is very complex and probably white mantains a slight initiative
here.}) 12... Nxe3 13. fxe3 g6 14. Qe2 Bg7 15. Rac1 Bd7 16. b4 {Novelty. But
is clear that b4 is an essential part of White's play on the queenside.} ({
Still I consider as more precise} 16. Ne4 {do not letting a regroupment of
Black's pieces after Rc8-c7, Bc8.}) 16... Rc8 17. Ne4 Rc7 $1 {Now Black will
keep his two bishops advantage and White has to be very careful in not getting
worse.} 18. Nc5 Bc8 19. Be4 Qd6 20. Rfd1 $6 {It looks very logical but it
doesn't have any practical sense. Better was to double the rooks on the c-file.
} Ne7 {All black pieces escaped from White's threats and now already Black
will start chasing after the exposed white pieces.} 21. Bb1 b6 22. Ne4 Qd8 23.
Ne5 $6 {Active but helpless.} Bb7 24. Qf2 Nd5 25. b5 {This leads to material
loses but it was not easy to find a good move.} f5 $1 26. Nd2 Nc3 27. Rf1 {
Now the only thing Black has to show up is simple technic.} Bxe5 28. dxe5 Qd5
29. a4 (29. Ne4 $5 Qxe5 30. Rxc3 Rxc3 31. Nxc3 Qxc3 32. Ba2 Kh8 33. Bxe6 Re8
$19) 29... Qxe5 30. e4 Nxb1 31. Rxb1 Rc2 32. Qe3 Rd8 33. Nf3 Qxe4 34. Qg5 Rf8
35. Qe7 {Of course the position is easy won but before the tournament I just
started to look through legendar's tatar player Rashid Nezhmetdinov games.
Where he was extremly laconic and effective in mating his opponent. It was
clear that he wouldn't miss...} Rxg2+ 36. Kxg2 Qg4+ 37. Kf2 (37. Kh1 Bxf3+ 38.
Rxf3 Qxf3+ 39. Kg1 Qe3+ 40. Kf1 Qd3+ $19) 37... Qxf3+ 38. Ke1 Qe3+ 39. Kd1 Qd3+
0-1